Cómo sobrevivir al cambio: inteligencia emocional y social en la empresa (Registro nro. 8970)
[ vista simple ]
| 000 -CABECERA | |
|---|---|
| campo de control de longitud fija | 00776ntm a22002777a 4500 |
| 005 - FECHA Y HORA DE ACTUALIZACIÓN | |
| campo de control | 20170307140924.0 |
| 008 - LONGITUD FIJA | |
| campo de control de longitud fija | 170307b xxu||||| |||| 00| 0 spa d |
| 020 ## - INTERNATIONAL STANDARD BOOK NUMBER | |
| Número Internacional Estándar del Libro | 9788492735129 |
| 041 ## - IDIOMA | |
| Código de idioma del texto/pista de sonido o título separado | |
| 082 ## - CLASIFICACIÓN DECIMAL DEWEY | |
| Número de clasificación | 153.9 L847c2 |
| 100 ## - AUTOR PERSONAL | |
| Nombre de persona | Londoño Mateus, María Claudia |
| 245 ## - TÍTULO PROPIAMENTE DICHO | |
| Título | Cómo sobrevivir al cambio: inteligencia emocional y social en la empresa |
| 250 ## - EDICIÓN | |
| Mención de edición | 2 edición |
| 260 ## - PIE DE IMPRENTA | |
| Lugar de publicación, distribución, etc. | España |
| 260 ## - PIE DE IMPRENTA | |
| Nombre del editor, distribuidor, etc. | Fundación Confemetal |
| 260 ## - PIE DE IMPRENTA | |
| Fecha de publicación, distribución, etc. | 2016 |
| 650 ## - Materia General | |
| Materia general | INTELIGENCIA EMOCIONAL |
| 650 ## - Materia General | |
| Materia general | CONCIENCIA EMOCIONAL |
| 650 ## - Materia General | |
| Materia general | AUTOESTIMA |
| 650 ## - Materia General | |
| Materia general | EMPLEO |
| 650 ## - Materia General | |
| Materia general | MOTIVACIÓN |
| 650 ## - Materia General | |
| Materia general | EMPATÍA |
| 650 ## - Materia General | |
| Materia general | MANEJO DE CONFLICTOS |
| 650 ## - Materia General | |
| Materia general | LIDERAZGO |
| 942 ## - Punto de Acceso Adicional Koha | |
| Tipo de ítem Koha | Libro |
| Estado perdido | Estado dañado | No para préstamo | Biblioteca permanente | Biblioteca actual | Signatura completa | Código de barras | Precio efectivo a partir del | Tipo de ítem |
|---|---|---|---|---|---|---|---|---|
| Departamento de Biblioteca y Documentación Alfonso Chase Brenes | Departamento de Biblioteca y Documentación Alfonso Chase Brenes | 153.9 L847c2 | 21626 | 07/03/2017 | Libro | |||
| Departamento de Biblioteca y Documentación Alfonso Chase Brenes | Departamento de Biblioteca y Documentación Alfonso Chase Brenes | 153.9 L847c2 | 21627 | 07/03/2017 | Libro | |||
| Departamento de Biblioteca y Documentación Alfonso Chase Brenes | Departamento de Biblioteca y Documentación Alfonso Chase Brenes | 153.9 L847c2 | 21628 | 07/03/2017 | Libro |